000 00590nam a22001577a 4500
005 20251108164328.0
008 250721s1992 xx 000 0 ara d
082 1 4 _a460.7/تعل
245 1 0 _aتعلم الإسبانية من غير معلم :
_bطريقة مبتكرة لتعليم اللغة الإسبانية في أقصر وقت /
264 1 _aطرابلس ( لبنان ) :
_bدار الشمال للطباعة و النشر و التوزيع،
_c1992.
300 _a120ص
650 1 7 _aاللغة الإسبانية
650 1 7 _aالتعلم
942 _2ddc
_cBK
999 _c9447
_d9447